000 00214nam a22000977a 4500
100 _aPathak, Manoj
_979831
245 _aBhagwat
260 _aDelhi
_bPremier Book
_c2018
650 _aChildren Book
_979832
942 _cBK
999 _c63405
_d63405